Pension reform issues and prospects for non-financial defined contribution (NDC) schemes

Salvato in:
Dettagli Bibliografici
Altri autori: Holzmann, Robert, Palmer, Edward
Natura: Libro
Lingua:inglese
Pubblicazione: Washington, D.C. <The> World Bank 2006
Soggetti:
Tags: Aggiungi Tag
Nessun Tag, puoi essere il primo ad aggiungerne!!

MARC

LEADER 00000nam$a2200000$$$4500
001 0040414
005 20240104135330.3
020 |a 0-8213-6038-8 
041 0 |a eng 
044 |a US 
245 1 0 |a Pension reform  |b issues and prospects for non-financial defined contribution (NDC) schemes  |c Edited by: Robert Holzmann and Edward Palmer 
264 1 |a Washington, D.C.  |b <The> World Bank  |c 2006 
300 |a 671 s. 
610 2 0 |a systémy dôchodkové 
610 2 0 |a penzie 
610 2 0 |a reformy dôchodkové 
610 2 0 |a porovnanie medzinárodné 
610 2 0 |a modely 
610 2 0 |a svet 
700 1 |a Holzmann, Robert 
700 1 |a Palmer, Edward